The University and its Disciplines : (Record no. 11401)
[ view plain ]
| 000 -LEADER | |
|---|---|
| fixed length control field | 03653cam a2200361 a 4500 |
| 001 - CONTROL NUMBER | |
| control field | 15198119 |
| 005 - DATE AND TIME OF LATEST TRANSACTION | |
| control field | 20090324094711.0 |
| 008 - FIXED-LENGTH DATA ELEMENTS--GENERAL INFORMATION | |
| fixed length control field | 080228s2009 nyua b 001 0 eng |
| 010 ## - LIBRARY OF CONGRESS CONTROL NUMBER | |
| LC control number | 2008008802 |
| 020 ## - INTERNATIONAL STANDARD BOOK NUMBER | |
| International Standard Book Number | 9780415965200 (hardback : alk. paper) |
| 020 ## - INTERNATIONAL STANDARD BOOK NUMBER | |
| International Standard Book Number | 0415965209 (hardback : alk. paper) |
| 020 ## - INTERNATIONAL STANDARD BOOK NUMBER | |
| International Standard Book Number | 9780415965217 (pbk. : alk. paper) |
| 020 ## - INTERNATIONAL STANDARD BOOK NUMBER | |
| International Standard Book Number | 0415965217 (pbk. : alk. paper) |
| 020 ## - INTERNATIONAL STANDARD BOOK NUMBER | |
| International Standard Book Number | 9780203892596 (ebook) |
| 020 ## - INTERNATIONAL STANDARD BOOK NUMBER | |
| International Standard Book Number | 0203892593 (ebook) |
| 035 ## - SYSTEM CONTROL NUMBER | |
| System control number | (OCoLC)ocn212893601 |
| 035 ## - SYSTEM CONTROL NUMBER | |
| System control number | (OCoLC)212893601 |
| Canceled/invalid control number | (OCoLC)176946149 |
| 040 ## - CATALOGING SOURCE | |
| Original cataloging agency | DLC |
| Transcribing agency | DLC |
| Modifying agency | BTCTA |
| -- | BAKER |
| -- | YDXCP |
| -- | C#P |
| -- | BWX |
| -- | CDX |
| -- | PMC |
| -- | DLC |
| 050 00 - LIBRARY OF CONGRESS CALL NUMBER | |
| Classification number | LB2361 |
| Item number | .U55 2009 |
| 082 00 - DEWEY DECIMAL CLASSIFICATION NUMBER | |
| Classification number | 378.199 |
| Edition number | 22 |
| Item number | UNI |
| 245 04 - TITLE STATEMENT | |
| Title | The University and its Disciplines : |
| Remainder of title | Teaching and Learning Within and Beyond Disciplinary Boundaries / |
| Statement of responsibility, etc | edited by Carolin Kreber. |
| 260 ## - PUBLICATION, DISTRIBUTION, ETC. (IMPRINT) | |
| Place of publication, distribution, etc | New York : |
| Name of publisher, distributor, etc | Routledge, |
| Date of publication, distribution, etc | c2009. |
| 300 ## - PHYSICAL DESCRIPTION | |
| Extent | xxiii, 246 p. : |
| Other physical details | ill. ; |
| Dimensions | 26 cm. |
| 504 ## - BIBLIOGRAPHY, ETC. NOTE | |
| Bibliography, etc | Includes bibliographical references and index. |
| 505 0# - FORMATTED CONTENTS NOTE | |
| Formatted contents note | Supporting student learning in the context of diversity, complexity and uncertainty / Carolin Kreber -- The modern research university and its disciplines : the interplay between contextual and context-transcendent influences on teaching / Carolin Kreber -- The commons : disciplinary and interdisciplinary encounters / Janet Gail Donald -- Academic disciplines : homes or barricades? / Gary Poole -- Hard and soft : a useful way of thinking about disciplines? Reflections from engineering education on disciplinary identities / Robert G.S. Matthew and Jane Pritchard -- Ways of thinking and practicing in biology and history : disciplinary aspects of teaching and learning environments / Dai Hounsell and Charles Anderson -- Exploring disciplinarity in academic development : do "ways of thinking and practicing" help faculty to think about learning and teaching? / Nicola Reimann -- Opening history's "black boxes" : decoding the disciplinary unconscious of historians / David Pace -- Guiding students into a discipline : the significance of the teacher / Andy Northedge and Jan McArthur -- Diverse student voices within disciplinary discourses / Jan McArthur -- Guiding students into a discipline : the significance of the student's view / Lewis Elton -- Educating students for self-authorship : learning partnerships to achieve complex outcomes / Marcia B. Baxter Magolda -- Supporting student development in and beyond the disciplines : the role of the curriculum / Alan Jenkins -- Constraints to implementing learning partnership models and self-authorship in the arts and humanities / Vicky Gunn -- Beyond epistemological essentialism : academic tribes in the twenty-first century / Paul Trowler -- Exploring teaching and learning regimes in higher education settings / Jo�elle Fanghanel -- Teaching and learning regimes from within : significant networks as a locus for the social construction of teaching and learning / Torgny Rox�a and Katarina M�artensson -- Assessment for career and citizenship / Mantz Yorke -- Teaching within and beyond the disciplines : the challenge for faculty / Velda McCune. |
| 650 #0 - SUBJECT ADDED ENTRY--TOPICAL TERM | |
| Topical term or geographic name as entry element | Universities and colleges |
| General subdivision | Curricula. |
| 9 (RLIN) | 4138 |
| 650 #0 - SUBJECT ADDED ENTRY--TOPICAL TERM | |
| Topical term or geographic name as entry element | College teaching. |
| 9 (RLIN) | 4139 |
| 650 #0 - SUBJECT ADDED ENTRY--TOPICAL TERM | |
| Topical term or geographic name as entry element | Education, Higher |
| General subdivision | Aims and objectives. |
| 9 (RLIN) | 4140 |
| 700 1# - ADDED ENTRY--PERSONAL NAME | |
| Personal name | Kreber, Carolin. |
| 9 (RLIN) | 4141 |
| 942 ## - ADDED ENTRY ELEMENTS (KOHA) | |
| Source of classification or shelving scheme | Dewey Decimal Classification |
| Item type | Book - Borrowing |
| Withdrawn status | Item status | Source of classification or shelving scheme | Damaged status | Not for loan | Vendor | Home library | Current library | Shelving location | Date acquired | Source of acquisition | Cost, normal purchase price | Serial Enumeration / chronology | Total Checkouts | Full call number | Barcode | Date last seen | Date last borrowed | Koha item type |
|---|---|---|---|---|---|---|---|---|---|---|---|---|---|---|---|---|---|---|
| Dewey Decimal Classification | MERIC | Central Library | Central Library | First floor | 23/04/2009 | 274.00 | 9083 | 1 | 378.199 UNI | 000015556 | 15/07/2025 | 11/11/2009 | Book - Borrowing |